000 00447cas a2200157 4500
008 120629n eng u
022 _a0361803X
035 _a(Sirsi) a176750
050 _aRM844.A5T6R6
245 _aAmerican Journal of Roentgenology
260 _aBaltimore
_bWilliams and Willkins
_c1989.
310 _aMonthly
362 _avol.152, no.1-12, 1989 - vol. 155, nos. 1-12, 1992
650 _aRadiology
700 _aBerk,N Robert
999 _c48760
_d48760